Diets for birds in captivity /

Bibliographic Details
Main Author: Lint, Kenton C.
Other Authors: Lint, Alice Marie
Format: Book
Language:English
Published: Poole, Dorset : Blandford Press, 1981.
Subjects:

MARC

Tag First Indicator Second Indicator Subfields
LEADER 00000cam a2200000 a 4500
001 in00000051008
005 20151007080116.0
008 811001s1981 enk b 00110 eng
010 |a  81670129  
015 |a GB*** 
020 |a 071371087X :  |c $50.00 (U.S.) 
035 |a (OCoLC)07728729 
035 |9 AAF4272AM 
039 0 |a 2  |b 3  |c 3  |d 3  |e 3 
040 |a DLC  |c DLC  |d TXA  |d UtOrBLW 
049 |a TXAM  |c [388142] 
050 0 0 |a SF462.5  |b  L56 1981 
082 0 |a 636.6  |2 19 
090 |a SF462.5  |b  L56 1981a 
100 1 |a Lint, Kenton C. 
245 1 0 |a Diets for birds in captivity /  |c Kenton C. Lint & Alice Marie Lint. 
264 1 |a Poole, Dorset :  |b Blandford Press,  |c 1981. 
300 |a x, 222 pages ;  |c 22 cm. 
336 |a text  |b txt  |2 rdacontent 
337 |a unmediated  |b n  |2 rdamedia 
338 |a volume  |b nc  |2 rdacarrier 
500 |a Includes indexes. 
504 |a Bibliography: pages 203-206. 
650 0 |a Captive wild birds  |x Feeding and feeds. 
650 0 |a Birds  |x Feeding and feeds. 
700 1 |a Lint, Alice Marie. 
999 |a MARS 
999 f f |s 925d6659-2395-3533-97ca-e60d82de0e1e  |i 726f10de-fccc-394a-af26-ce1d6eb7850a  |t 0 
952 f f |p ric  |a Texas A&M University  |b Rellis Campus  |c Joint Library Facility  |d Remote Storage  |t 0  |e SF462.5 L56 1981a  |h Library of Congress classification  |i unmediated -- volume  |m A14805946648 
998 f f |a SF462.5 L56 1981a  |t 0  |l Remote Storage